|
|
|
|
| LEADER |
03372nam a22003977a 4500 |
| 001 |
41555 |
| 003 |
BD-DhAAL |
| 008 |
230802t2014 bg ||||| |||| 00| 0 ben d |
| 020 |
|
|
|a 9789849110408
|
| 040 |
|
|
|a BD-DhAAL
|c BD-DhAAL
|
| 041 |
|
|
|a ben
|
| 082 |
|
|
|a 338.4766726
|2 23
|
| 100 |
|
|
|a ক্লিং, ব্লেয়ার বি.
|9 49213
|
| 245 |
|
|
|a নীল বিদ্রোহ :
|b বাংলায় নীল আন্দোলন,
|n ১৮৫৯-১৮৬২ /
|c ব্লেয়ার বি. ক্লিং ; অনুবাদক ফারহাদ খান, জুলফিকার আলী.
|
| 260 |
|
|
|a ঢাকা :
|b সুবর্ণ,
|c ২০১৪.
|
| 300 |
|
|
|a ১৯০ পৃষ্ঠা ;
|c ২২ সে.মি.
|
| 526 |
|
|
|a GenEd
|
| 541 |
|
|
|a Development Book Agency
|e 41555, 41556, 41557, 41558, 41559, 41560, 41561, 41562, 41563, 41564
|
| 650 |
|
|
|a Indigo industry
|z India
|z Bengal
|x History
|y 19th century.
|9 1012
|
| 650 |
|
|
|a Peasant uprisings
|z India
|z Bengal
|x History
|y 19th century.
|9 55257
|
| 651 |
|
|
|a Bengal (India)
|x History
|y 19th century.
|
| 700 |
|
|
|a খান, ফারহাদ.
|9 55258
|
| 700 |
|
|
|a আলী, জুলফিকার.
|9 55259
|
| 852 |
|
|
|a Ayesha Abed Library
|c General Stacks
|
| 942 |
|
|
|2 ddc
|c BK
|
| 999 |
|
|
|c 45986
|d 45986
|
| 952 |
|
|
|0 0
|1 0
|2 ddc
|4 0
|6 338_476672600000000_KLI
|7 0
|9 74010
|a SCL
|b SCL
|c GEN
|d 2023-07-16
|e Development Book Agency
|g 225.00
|l 1
|m 1
|o 338.4766726 KLI
|p 3020041564
|r 2023-10-16
|s 2023-10-07
|t 10
|v 225.00
|w 2023-07-16
|y BK
|
| 952 |
|
|
|0 0
|1 0
|2 ddc
|4 0
|6 338_476672600000000_KLI
|7 0
|9 74011
|a SCL
|b SCL
|c GEN
|d 2023-07-16
|e Development Book Agency
|g 225.00
|l 4
|o 338.4766726 KLI
|p 3020041556
|r 2024-12-20
|s 2024-12-18
|t 2
|v 225.00
|w 2023-07-16
|y BK
|
| 952 |
|
|
|0 0
|1 0
|2 ddc
|4 0
|6 338_476672600000000_KLI
|7 0
|9 74012
|a SCL
|b SCL
|c GEN
|d 2023-07-16
|e Development Book Agency
|g 225.00
|l 1
|o 338.4766726 KLI
|p 3020041559
|r 2023-10-12
|s 2023-10-07
|t 5
|v 225.00
|w 2023-07-16
|y BK
|
| 952 |
|
|
|0 0
|1 0
|2 ddc
|4 0
|6 338_476672600000000_KLI
|7 0
|9 74013
|a SCL
|b SCL
|c GEN
|d 2023-07-16
|e Development Book Agency
|g 225.00
|l 2
|m 3
|o 338.4766726 KLI
|p 3020041557
|r 2023-11-01
|s 2023-10-12
|t 3
|v 225.00
|w 2023-07-16
|y BK
|
| 952 |
|
|
|0 0
|1 0
|2 ddc
|4 0
|6 338_476672600000000_KLI
|7 0
|9 74014
|a SCL
|b SCL
|c GEN
|d 2023-07-16
|e Development Book Agency
|g 225.00
|l 2
|m 1
|o 338.4766726 KLI
|p 3020041562
|r 2024-02-10
|s 2024-01-30
|t 8
|v 225.00
|w 2023-07-16
|y BK
|
| 952 |
|
|
|0 0
|1 0
|2 ddc
|4 0
|6 338_476672600000000_KLI
|7 0
|9 74015
|a SCL
|b SCL
|c GEN
|d 2023-07-16
|e Development Book Agency
|g 225.00
|l 2
|m 1
|o 338.4766726 KLI
|p 3020041560
|r 2024-06-08
|s 2023-10-10
|t 6
|v 225.00
|w 2023-07-16
|y BK
|
| 952 |
|
|
|0 0
|1 0
|2 ddc
|4 0
|6 338_476672600000000_KLI
|7 0
|9 74016
|a SCL
|b SCL
|c GEN
|d 2023-07-16
|e Development Book Agency
|g 225.00
|l 3
|o 338.4766726 KLI
|p 3020041558
|r 2024-10-28
|s 2024-10-24
|t 4
|v 225.00
|w 2023-07-16
|y BK
|
| 952 |
|
|
|0 0
|1 0
|2 ddc
|4 0
|6 338_476672600000000_KLI
|7 0
|9 74017
|a SCL
|b SCL
|c GEN
|d 2023-07-16
|e Development Book Agency
|g 225.00
|l 3
|o 338.4766726 KLI
|p 3020041563
|r 2024-03-02
|s 2024-02-25
|t 9
|v 225.00
|w 2023-07-16
|y BK
|
| 952 |
|
|
|0 0
|1 0
|2 ddc
|4 0
|6 338_476672600000000_KLI
|7 0
|9 74018
|a SCL
|b SCL
|c GEN
|d 2023-07-16
|e Development Book Agency
|g 225.00
|l 4
|m 1
|o 338.4766726 KLI
|p 3020041555
|r 2024-02-20
|s 2024-02-12
|t 1
|v 225.00
|w 2023-07-16
|y BK
|
| 952 |
|
|
|0 0
|1 0
|2 ddc
|4 0
|6 338_476672600000000_KLI
|7 0
|9 74019
|a SCL
|b SCL
|c GEN
|d 2023-07-16
|e Development Book Agency
|g 225.00
|l 3
|m 1
|o 338.4766726 KLI
|p 3020041561
|r 2024-12-10
|s 2024-12-04
|t 7
|v 225.00
|w 2023-07-16
|y BK
|